书目信息 |
| 题名: |
家装新概念 B
|
|
| 作者: | 瑞雅 编著 | |
| 分册: | B 餐厅·玄关·视听墙·书房 | |
| 出版信息: | 北京 中国轻工业出版社 2004 |
|
| 页数: | 80页 | |
| 开本: | 29cm | |
| 丛书名: | ||
| 单 册: | ||
| 中图分类: | TU241 | |
| 科图分类: | ||
| 主题词: | 住宅--室内装饰--基本知识 , 住宅 , 室内装饰 | |
| 电子资源: | ||
| ISBN: | 7-5019-4422-9 | |
| 000 | 00770nam1 2200289 45 | |
| 001 | 012004000000 | |
| 005 | 20041105151125.57 | |
| 010 | @a7-5019-4422-9@dCNY 29.80 | |
| 100 | @a20040910d2004 em y0chiy0121 ea | |
| 101 | 0 | @achi |
| 102 | @aCN@b110000 | |
| 105 | @aaf z 000yy | |
| 200 | 1 | @a家装新概念 B@Ajia zhuang xin gai nian B@hB@i餐厅·玄关·视听墙·书房@f瑞雅编著 |
| 210 | @a北京@c中国轻工业出版社@d2004 | |
| 215 | @a80页@c图@d29cm | |
| 517 | 1 | @a餐厅·玄关·视听墙·书房 |
| 517 | 1 | @a餐厅 |
| 517 | 1 | @a玄关 |
| 517 | 1 | @a视听墙 |
| 517 | 1 | @a书房 |
| 606 | 0 | @a住宅@x室内装饰@x基本知识 |
| 606 | 0 | @a住宅 |
| 606 | 0 | @a室内装饰 |
| 690 | @aTU241@v4 | |
| 701 | 0 | @a瑞雅@Arui ya@4编著 |
| 801 | 0 | @aCN@bQSSKt@c20041105 |
| 905 | @a10447@dTU241@eR938:2 | |
| 家装新概念 B.B.餐厅·玄关·视听墙·书房/瑞雅编著.-北京:中国轻工业出版社,2004 |
| 80页:图;29cm |
| ISBN 7-5019-4422-9:CNY 29.80 |
| ● |
| 相关链接 |
|
|
|
正题名:家装新概念 B
索取号:TU241/R938:2
 
预约/预借
| 序号 | 登录号 | 条形码 | 馆藏地/架位号 | 状态 | 备注 |
| 1 | 425468 | 204254680 | 建筑库101/ [索取号:TU241/R938:2] | 在馆 | |
| 2 | 425469 | 204254699 | 建筑库101/101建筑库 58排7列1层/ [索取号:TU241/R938:2] | 在馆 | |
| 3 | 425470 | 204254706 | 建筑库101/101建筑库 58排7列1层/ [索取号:TU241/R938:2] | 在馆 |